000 00723cam a2200277 4500
001 ABS68218
008 040928n2004 000 0 eng u
035 _a(Sirsi) u127543
245 _aProperty nation: Merseyside and Wirral
260 _c2004
490 _aProperty Week
_v69(38) 17 September 2004, 95-108(8)
590 _aABS
590 _aABS
650 _aMERSEYSIDE
650 _aWIRRAL
650 _aLIVERPOOL
650 _aOFFICE MARKET
650 _aLETTINGS MARKET
650 _aINVESTMENT MARKET
650 _aOFFICE BUILDINGS
650 _aPROPERTY DEVELOPMENT
650 _aINDUSTRIAL MARKET
650 _aOUT OF TOWN DEVELOPMENT
690 _aCOMMERCIAL PROPERTY-MARKET
942 _n0
999 _c118071
_d118071